MDQL
is popping MORE tags! Check the
thread
!
Quizzes
Events
Quiz Creation
Community
Videos
Private Events
Remove Ads
Sign In
Join for FREE
Feedback
Dark Mode
Quiz Categories
Sports
Geography
Music
Movies
Television
Just For Fun
Miscellaneous
History
Literature
Language
Science
Gaming
Entertainment
Religion
Holiday
For Kids
Quiz Lab
Recent
Popular Today
Quiz Kudos Today
Editor Picks
Curator Picks
Quizzes by...
Day
Popularity
Type
Ratings
Length
Year
Community
Subscriptions
Recent Discussions
Orange Saloon
Badges
Playlists
Quests
Create
Leaderboards
Showdown
Live 5
Trivia Bingo
Activity
Puzzle Library
Sporcle Events
Private Events
Virtual Trivia
Globe League
Become a Host
Pub Owners
SporcleCon
Opinionation
Our Games
Videos
Blog
Mobile Apps
Partnerships
Remove Ads and Go Orange
Feedback
Music
Pop Music
The Beatles
Song
Album
Lyrics
Bands
Singers
Artist
Clip
Rock
Rap
Classical
Billboard
Country Music
Kpop
Taylor Swift
Music
Pop Music
The Beatles
Song
Album
Lyrics
Bands
Singers
Artist
Clip
Rock
Rap
Classical
Billboard
Country Music
Kpop
Taylor Swift
Random Quiz
Search Sporcle
×
Quiz Lab
Quiz Lab
Music
Song
Type in answers that appear in a list
Type in answers that appear in a list
Classic
Best Score? Go Orange.
100 Beatles songs based on their description Stats
Can you name the 100 Beatles songs based on their description?
By
willthe84904
20m
101 Questions
77 Plays
77 Plays
77 Plays
Comments
Comments
Give Quiz Kudos
Give Quiz Kudos
-
- Ratings
hide this ad
More Info
Forced Order
Answers have to be entered in order
Answers have to be entered in order
Replay
Link that replays current quiz
Next Quiz
Link to next quiz in quiz playlist
You Got
0%
They Got
Avg Score
49%
Avg Friend Score
Upgrade to see
Score Distribution
Jump to the score distribution portion of the page
Score
0/101
Timer
20:00
0
Plays Today
Description
Song
% Correct
This song was their first single released in the UK
Love Me Do
79.2%
There are 3 different versions of this song with the same name
Revolution
75.3%
This song mentions the songs 'Strawberry Fields Forever', 'I Am The Walrus', 'Lady Madonna', 'The Fool on the Hill', and 'Fixing A Hole' in it.
Glass Onion
74%
This is the third one
Help!
74%
Many people think this song is about drugs, but John says it's about a picture his son drew
Lucy In The Sky With Diamonds
74%
This is the second one
A Hard Day's Night
72.7%
This is the seventh
Let It Be
72.7%
This song was based on a bus stop in Liverpool
Penny Lane
72.7%
All though not credited on the album, this song features Eric Clapton on guitar
While My Guitar Gently Weeps
72.7%
This song is based on a circus poster from the 1800's
Being For The Benefit Of Mr. Kite!
71.4%
This is the second song on 'The White Album' about animals written by George Harrison
Piggies
71.4%
The original characters for this Paul McCartney song were 'Daisy Hawkins' and 'Father McCartney'
Eleanor Rigby
71.4%
In this song, Desmond and Molly meet at the marketplace
Ob-la-di, Ob-la-da
71.4%
This song is sung by Billy Shears
With A Little Help From My Friends
70.1%
This is the first song on 'The White Album' about animals and is fully acoustic
Blackbird
70.1%
This is the third song on 'The White Album' about animals meant to sound like a western
Rocky Raccoon
70.1%
There are 7 Beatles songs with albums named after them, and this is the first one
Please Please Me
68.8%
This is the fifth
Magical Mystery Tour
68.8%
This is the sixth
Yellow Submarine
68.8%
Some lyrics in this song are French
Michelle
68.8%
This is the third song in the medley about a 'dirty old man'
Mean Mr. Mustard
67.5%
This is the fourth song in the medley about the dirty old man's sister
Polythene Pam
67.5%
This song is a slowed down version of the previous song
Revolution 1
66.2%
This is the fourth one
Sgt. Pepper's Lonely Hearts Club Band
66.2%
This is the only song that George Harrison wrote on 'Sgt. Pepper's'
Within You Without You
66.2%
This is the song not listed on the 'Abbey Road' album, but is a separate song from the final track
Her Majesty
66.2%
This song was written about Paul's sheep dog
Martha My Dear
64.9%
This song is about desserts
Savoy Truffle
64.9%
This song was written in Paul McCartney's dreams and was originally called 'Scrambled Eggs'
Yesterday
64.9%
This song mentions each day of the week except Saturday
Lady Madonna
63.6%
This song is the longest Beatles song, featuring the line 'you've become naked'.
Revolution 9
63.6%
This is the fifth song in the medley, mentioning a girl who works in 'fifteen clubs a day'
She Came In Through The Bathroom Window
63.6%
This is the sixth song in the medley, and could be used as a lullaby
Golden Slumbers
63.6%
This Beatles hit was actually a cover from The Isley Brothers
Twist and Shout
62.3%
Description
Song
% Correct
This is the second song Ringo composed
Octopus's Garden
62.3%
This is a love/
heartbreak solo by Paul McCartney on 'Revolver'
For No One
61%
This is the seventh song in the medley, and all four Beatles sing
Carry That Weight
59.7%
Do these songs prove The Beatles are the greatest band of all time?
Yes!!!
58.4%
This is the first song on their first album
I Saw Her Standing There
58.4%
This is the opening track to the UK version of 'Rubber Soul'
Drive My Car
58.4%
This is the start of the 'Abbey Road' medley
You Never Give Me Your Money
57.1%
This song was based on a missing girl Paul read about in the newspaper
She's Leaving Home
57.1%
This song on 'Let It Be' has an Indian phrase in it
Across The Universe
57.1%
This is the first Beatles song to feature the sitar
Norwegian Wood
57.1%
This song has a section in NYC's Central Park dedicated to this song and the legacy of John Lennon
Strawberry Fields Forever
55.8%
This song can't get no worse
Getting Better
55.8%
The final track to 'Revolver' features the third use of sitar in a Beatles song
Tomorrow Never Knows
55.8%
This song starts with someone couting '1, 2, 3, 4, 1, 2'
Taxman
54.5%
This is song on 'The White Album' is the first of only two songs that Ringo would compose in his whole Beatle career
Don't Pass Me By
53.2%
This is the first song on side two of 'Abbey Road'
Here Comes The Sun
51.9%
This is the second song in the medley that ends with gibberish
Sun King
51.9%
In this song, Ringo gets blisters on his fingers
Helter Skelter
51.9%
This song came to John when he felt like he was going nowhere in trying to add a new song to 'Rubber Soul'
Nowhere Man
51.9%
This song was written about a road where George Harrison stayed in Los Angeles
Blue Jay Way
50.6%
This is the song that comes next
Because
50.6%
Ohhhh boy. This song has a full orchestra going up 24 bars and then ends with a long piano chord
A Day In The Life
50.6%
This song transitions from the last song by the sound of a jet plane
Dear Prudence
48.1%
This is the fourth song on 'The White Album' about animals, this one referring to a primate
Everybody's Got Something To Hide Except For Me And My Monkey
45.5%
In 2016, Ron Howard made a movie with the title of this Beatles song
Eight Days a Week
45.5%
This song on Rubber Soul is one of the few that Ringo sings
What Goes On
45.5%
This is the A-
side to the Beatles single featuring 'Day Tripper'
We Can Work It Out
45.5%
This is the B-
side to the Beatles single featuring 'We Can Work It Out'
Day Tripper
45.5%
In this murky track from Abbey Road, someone repeatedly says 'shoot me'
Come Together
45.5%
This song features Yoko Ono in it
The Continuing Story of Bungalow Bill
44.2%
In this song, George Martin plays a sped up piano solo
In My Life
42.9%
This song is the opener of their second album
It Won't Be Long
41.6%
This song is always on my mind mind mind mind mind mind mind mind mind!
Back in the U.S.S.R.
41.6%
This is the A-
side to the Beatles single featuring 'Rain'
Paperback Writer
41.6%
Description
Song
% Correct
This song was made about the Maharishi just before The Beatles left India
Sexy Sadie
41.6%
This song was #1 on the Billboard Hot 100 on April 4th, 1964 (The Beatles that day held all top five spots, making them the only band in history to ever do so)
Can't Buy Me Love
40.3%
This is The Beatles final song on the last album they worked on
The End
40.3%
This is The Beatles final song on their final album
Get Back
37.7%
In this song, Ringo plays... an anvil
Maxwell's Silver Hammer
37.7%
This song was the B-
side to their first single
P. S. I Love You
36.4%
This song is about an old man, but was written by a teenager
When I'm Sixty Four
36.4%
This Paul solo on 'The White Album' is stuck in between two John Lennon rockers
Mother Nature's Son
36.4%
This is the A-
side to the Beatles single featuring 'Revolution'
Hey Jude
36.4%
This song plays Shakespeare Radio at the end of it
I Am The Walrus
33.8%
This song was the A-
side to the Beatles single featuring 'I Saw Her Standing There'
I Want To Hold Your Hand
33.8%
This song talks about Sir Walter Raleigh, the person who founded Roanoke Island
I'm So Tired
33.8%
This last song on 'A Hard Day's Night' has a very fitting name
I'll Be Back
33.8%
This song on 'The White Album' also has John talking about suicide
Yer Blues
33.8%
This was said to be Paul's favorite Beatles song
Here, There, and Everywhere
32.5%
This song was the A-
side to the Beatles single featuring 'I'll Get You'
She Loves You
32.5%
This is the B-
side to the Beatles single featuring 'And I Love Her'
If I Fell
31.2%
This is the A-
side to the Beatles single featuring 'If I Fell'
And I Love Her
31.2%
This is the reprise of the fourth album named after a song
Sgt. Pepper's Lonely Hearts Club Band Reprise
29.9%
This song is about a girl calling you on the phone on 'With The Beatles'
All I've Got To Do
27.3%
This song is the second longest Beatles song
I Want You (She's So Heavy)
23.4%
This song was the A-
side to the Beatles single featuring 'Yes It Is'
Ticket To Ride
23.4%
This is the third shortest Beatles song
Dig It
20.8%
This is the second shortest Beatles song
Maggie Mae
19.5%
This is the opening track to the US version of 'Rubber Soul'
I've Just Seen A Face
18.2%
This song was the B-
side to the Beatles single featuring 'Roll Over Beethoven'
Please Mister Postman
14.3%
This song was the A-
side to the Beatles single featuring 'Please Mister Postman'
Roll Over Beethoven
14.3%
This song was the A-
side to the Beatles single featuring 'This Boy'
All My Loving
13%
'The Chainsmokers' made a song with the same title as this song
Don't Let Me Down
13%
This is the B-
side to the Beatles single featuring 'Rock And Roll Music'
I'm A Loser
11.7%
This song was the A-
side to the Beatles single featuring 'Nowhere Man'
Girl
10.4%
Some believe at the end of this song Ringo says 'they won't believe it'
Lovely Rita
9.1%
This is the A-
side to the Beatles single featuring 'Rock And Roll Music'
No Reply
7.8%
Quiz Playlist
Details
Report
Send in Message
Add To Playlist
More Info:
*WARNING: DIFFICULTY IS CHALLENGING AT WORST. AT BEST, IT WILL BE PAINFULLY HUMILIATING*
Classic:
Type in answers that appear in a list
Forced Order:
Answers have to be entered in order
Last Updated: Aug 27, 2017
Quiz Scoreboard
CHALLENGE
Sign Up to Join the Scoreboard
Show All
Scores
Hide
Comments
May contain spoilers
Recently Published
1-10 Letter E Words III
by El_Dandy
Language
2m
Street Fighter Characters
by Artimus82
Gaming
60s
College Basketball Coaching Resumes
by pancakes188
Sports
9m
More to Explore
Quiz From the Vault
Featured Blog Post
Where Did the Easter Bunny Come From?
hide this ad
You Might Also Like...
Tags
Song Quiz
100
description
Today's Top Quizzes in Music
Browse Music
hide this ad
Today's Top Quizzes in Song
Browse Song
Top Contributed Quizzes in Music
1
Taylor Swift All Songs (2024)
2
Taylor Swift Logic Puzzle
3
Guess the Artist- 70s Songs
4
7-to-1: Billboard Hot 100 #1 Hits of 2010s
5
Sorting Albums and Songs
6
KPOP LOGIC QUIZ
7
Billboard Blitz: Aretha Franklin
8
Guess the Taylor Swift song (Mystery Song)
9
Guess The Taylor Swift Lyrics Song #1
10
Billboard Blitz: ABBA
Explore More
Trending Topics
Crossword
Anime
Disney
Kpop
Marvel
Harry Potter
NBA
Song
WWE
Country
NFL
The Office
Puzzle
Soccer
Pokémon
hide this ad
More By:
willthe84904
Quiz
Plays
Rating
Category
Featured
Created
100 Beatles songs based on their description
77
3.50
Music
Aug 26, 2017
Go to Creator's Profile
Score Distribution
Quiz Creator Spotlight
willthe84904
Follow
Send a Message
Quizzes Created
-
Created Quiz Play Count
-
More By This Creator
Popular Quizzes Today
1
Find the US States - No Outlines Minefield
2
Find the Countries of Europe - No Outlines Minefield
3
The Countries of the World
4
Find the US States
5
Risky Map Clicking: Biggest States A-Z
6
US States
7
Popular People in 1961
8
Movies - When Are They Set?
More Music Quizzes
Bands & Musicians by Song: 'H'
Published
Trending Quizzes
Risky Map Clicking: Least Populous States A-Z
1-10 Letter G Words
1-10 Letter F Words
Countries of the World: 200 Million BC
Risky Map Clicking: Next State Alphabetically
Recently Updated
Most Oscar Losses (Acting)
pecheneg
Beyoncé Albums
pecheneg
Leaping Animals
pecheneg
Reality TV Shows (A-Z)
bhenderson79
Rickey Henderson's Hall of Fame Teammates
pecheneg
Champions League XIs: Arsenal
pecheneg
Quick Pick: Celebrities in WWE's Hall of Fame
aduchscher
A-Z Keypad Blitz II
pecheneg
Multiple Oscar Actors
pecheneg
Mystery Phrase Blitz: Oscar 'Best Actors'
pecheneg
Trending Topics
Anime
Disney
Harry Potter
Crossword
NBA
Marvel
Kpop
The Office
Pokémon
Song
Country
Soccer
NFL
Puzzle
WWE
Your Account Isn't Verified!
In order to create a playlist on Sporcle, you need to verify the email address you used during registration. Go to your
Sporcle Settings
to finish the process.
Report this User
Report this user for behavior that violates our
Community Guidelines
.
Details:
Send Report
Go to the Sporcle.com Mobile Site →
Comments